| 000 | 01020cam a2200289 a 4500 | ||
|---|---|---|---|
| 003 | EG-GiCUC | ||
| 008 | 061223s1994 mr g 000 0 ara d | ||
| 017 |
_a861 / 1994 _bالمغرب.الخزانة العامة |
||
| 020 | _a99818802310 | ||
| 040 |
_aEG-GiCUC _bara _cEG-GiCUC |
||
| 041 | 1 |
_aara _hfre |
|
| 050 | 4 |
_aLB14.7 _bR4 1994 |
|
| 092 | 0 | 4 |
_a370.1 _bR292 _221 |
| 099 |
_a04 _a370.1 R292 |
||
| 100 | 1 | _aربول : اليفيي | |
| 245 | 1 | 0 |
_aفلسفة التربية / _cاليفيي ربول ؛ ترجمة عبد الكبير معروفى ؛ مراجعة عبد الجليل ناظم |
| 250 | _aط1 | ||
| 260 |
_aالدار البيضاء : _bدار توبقال : _c1994 |
||
| 300 |
_a84 : 2ص ؛ _c22سم |
||
| 504 | _aيشتمل على ارجاعات ببليوجرافية (ص 85-86) | ||
| 650 | 7 |
_aالتعليم _xفلسفة _2qrmak |
|
| 700 | 1 | _aمعروفى : عبد الكبير | |
| 902 | _a2 | ||
| 905 |
_aبلتاجى _eمراجع |
||
| 905 |
_aجمال _eمدخل |
||
| 942 |
_2ddc _cBK |
||
| 999 |
_c90668 _d90668 |
||